000 00722nam a22002297a 4500
003 OSt
005 20260421123758.0
008 260319b |||||||| |||| 00| 0 eng d
020 _a978-1-292-41339-6
037 _cReference
040 _aFEDL
_beng
_cFEDL
041 _aeng
_deng
082 _214th ed.
_a330.015 195 MCC/RR
100 _aMcClave James T
245 _aStatistics for Business & Economics,
_bGlobal Edition
_cby James T. McClave , P. Benson, Terry Sincich
250 _a6th ed.
260 _aUK
_bPearson Education Limited
_c2022
300 _a896p.
365 _aPound
_b£ 76.99
700 _aMcClave James T
942 _2ddc
_cREF
_e14th ed.
_h330.015 195 MCC/RR
_n0
999 _c1715778
_d1715778